| 000 | 01390nam a22003857a 4500 | ||
|---|---|---|---|
| 003 | CHAP | ||
| 005 | 20220817044410.0 | ||
| 008 | 101122s2006 it a r 00010 eng d | ||
| 010 | _a99894 | ||
| 011 | _a100866 | ||
| 020 | _a9789251056028 | ||
| 035 | _a111552 | ||
| 040 | _cCHAP | ||
| 082 | 0 | 4 |
_a338.181 _bF21yEs. v.5 |
| 110 | 2 | _aFAO | |
| 245 | 1 | 0 |
_aLivelihood adaptation to climate variability and change in drought - prone areas of Bangladesh : _bdeveloping institutions and options _c/por R. Selvaraju ...[el al.] |
| 260 |
_aRome _bFAO, _c2006 |
||
| 300 |
_axi, 97 p. : _bdiagramas, gráfs., tablas |
||
| 490 | 0 |
_aFAO. Instituciones para el desarrollo rural. Estudio de casos _v; 5 |
|
| 590 |
_aBATCH-UPD _b10 _c20130110 _lUCH01 _h1001 |
||
| 590 |
_aBATCH-UPD _b10 _c20130410 _lUCH01 _h0612 |
||
| 590 |
_aBATCH-UPD _b10 _c20130914 _lUCH01 _h0503 |
||
| 590 |
_aCONVERSION _b10 _c20130109 _lUCH01 _h1355 |
||
| 650 | 1 | 4 |
_aAyuda económica. _99033 |
| 650 | 1 | 4 |
_aCambios climáticos. _917792 |
| 650 | 1 | 4 |
_aEvaluación. _938913 |
| 650 | 1 | 4 |
_aRecursos naturales. _995172 |
| 650 | 1 | 4 |
_aRiesgos. _997403 |
| 650 | 1 | 4 |
_aSequías. _9104511 |
| 700 | 1 |
_aSelvaraju, R. _9103821 |
|
| 830 | 0 |
_aFAO. Instituciones para el desarrollo rural. Estudio de casos _v; 5 _939602 |
|
| 901 | _aBK | ||
| 942 | _cLIBRO | ||
| 949 |
_a338.181 F21yEs v.5 _bBC _cFAO _d33724002086876 _eFAO1 _gDonaciØn _h113809 _i111552 _sb |
||
| 999 |
_c99894 _d99894 |
||